000 00414cam a2200181 4500
001 D9003
008 090401t1981 xxu||||| |||| 00| 0 eng d
035 _a(Sirsi) u16821
041 _aeng
050 _a333.33
100 _aStapleton, Tim
245 _aEstate management practice
260 _aLondon
_bEstates Gazette
_c1981
300 _axv. 287p. 21cm
350 _a9
942 _n0
948 _c04/03/1997
999 _c87450
_d87450